000
00303nam a22001337a 4500
003
OSt
008
240416b |||||||| |||| 00| 0 eng d
020
_a
9798708122391
082
_a
005.133 SIA
100
_a
JAIN,Sameer
245
_a
Private Equity Concepts and Terms
300
_a
78
942
_2
ddc
_c
BK
999
_c
12515
_d
12515